000 01201nam a22001817a 4500
999 _c61585
_d61585
005 20240326141120.0
008 240326c1999 ge ||||| |||| 00| 0 geo d
041 _ageo
245 _aმილსადენის არქეოლოგია= Pipeline archaeology :
_b1999 /
_cსაქართველოს მეცნიერებათა აკადემია; არქეოლოგიური კვლევის ცენტრი; საქართველოს მილსადენის კომპანია; რედაქტორები : ვ. ლიჩელი, ვ. ჯაფარიძე.
260 _aთბილისი,
_c1999.
300 _aV.
653 _aმილსადენის არქეოლოგია
653 _aპერიოდიკა
700 _aლიჩელი, ვ.
_eრედაქტორი
_921592
700 _aჯაფარიძე, ვ.
_eრედაქტორი
_921593
710 _a საქართველოს მეცნიერებათა აკადემია ; არქეოლოგიური კვლევის ცენტრი
_921594
942 _2udc
_cCR